Grading rules for rattan : A survey of existing rules and proposal for standardization

Bibliographic Details
Main Author: BHAT
Corporate Author: International Network for Bamboo and Rattan (INBAR)
Format: Book
Published: New Delhi, India : International Network for Bamboo and Rattan , 1996
Series:INBAR working paper ; n. 6
Subjects:

MARC

LEADER 00000cam a2200000 7i4500
001 0000001007
005 20131207.0
020 0 0 |a 8186247122 
090 0 0 |a 633.58   |b BHA 1996 
100 1 0 |a BHAT   |h K. M. 
245 1 0 |a Grading rules for rattan :   |b A survey of existing rules and proposal for standardization   |c K. M. Bhat 
260 0 0 |a New Delhi, India :   |b International Network for Bamboo and Rattan ,   |c 1996 
300 |a 44 p. :   |b ill, map ;   |c 28 cm. 
440 0 0 |a INBAR working paper ; n. 6 
500 0 0 |a Bibliography : [p. 35-37] 
650 0 0 |a Rattan 
710 1 1 |a International Network for Bamboo and Rattan (INBAR) 
998 |a JPSM 
999 |a 0000003187   |b Monograph   |c Open Shelf   |e Default branch